000 00835nas a2200265 4500
001 BR2012009310
003 BR-BrBNA
005 20231205121555.0
007 ta
008 230509b bl.|||p| |||| 00| 00por d
040 _aBR-BrBNA
_bpor
_cBiblioteca Nacional de Agricultura
041 _a(Pt)
072 _aF40
100 1 _aMelo, N.F.A.C. de
100 1 _aPaiva, R.S.
100 1 _aSilva, M.M.T. da
245 1 _aConsiderações ecológicas sobre o zooplâncton do lago Bolonha, Belém, Pará, Brasil
650 _aZOOPLÂNCTON
650 _aECOLOGIA
650 _aPOPULAÇÃO
650 _aPARÁ
773 0 _tBoletim do Museu Paraense Emílio Goeldi. Ciências Naturais (Brazil)
_xISSN 1981-8114
_g(Jan-Apr 2006), v. 1(1) p. 115-125
_wBR2012009310
909 _a202311
_bLúcia
_c55
_dLúcia Elande
942 _2AGRIS
_n0
_cANA
999 _c224190
_d224190